NBA 2021-2022 Most Points Scored by a Player Per Arena - Statistics

General Stats
  • This quiz has been taken 390 times
    310 since last reset
  • The average score is 18 of 22
Answer Stats
Player % Correct
Stephen Curry
99%
Stephen Curry
99%
LeBron James
98%
Nikola Jokic
94%
Joel Embiid
93%
Kevin Durant
93%
Luka Doncic
93%
Devin Booker
90%
Giannis Antetokounmpo
90%
Jayson Tatum
90%
Trae Young
90%
Ja Morant
89%
Karl-Anthony Towns
87%
Jaylen Brown
84%
Jimmy Butler
84%
DeMar DeRozan
83%
Shai Gilgeous-Alexander
83%
Zach LaVine
83%
Donovan Mitchell
82%
Domantas Sabonis
70%
Paul George
47%
Jrue Holiday
12%
No matching quizzes found
Score Distribution
Percent of People with Each Score
Percentile by Number Answered
Your Score History
You have not taken this quiz since the last reset